Mastering legal research
Saved in:
| 主要作者: | |
|---|---|
| 其他作者: | |
| 格式: | 图书 |
| 出版: |
Dar es salaam :
LawAfrica Publishing.,
c2016
|
| 主题: | |
| 标签: |
添加标签
没有标签, 成为第一个标记此记录!
|
MARC
| LEADER | 00000nam a2200000 4500 | ||
|---|---|---|---|
| 005 | 20251125085949.0 | ||
| 020 | |a 9789966031242 |c TZS 27,000/= | ||
| 040 | |a MCCL |b eng |e AACR 2nd rev, ed. | ||
| 082 | |a 340.072 OJI | ||
| 100 | |a Ojienda, Tom | ||
| 245 | |a Mastering legal research |c / Tom Ojienda and Katarina Juma | ||
| 260 | |a Dar es salaam : |b LawAfrica Publishing., |c c2016 | ||
| 300 | |a xvi,152 p.: |b ill.; |c 12cm | ||
| 504 | |a Includes references | ||
| 546 | |a eng | ||
| 650 | |a Legal research |v Introduction | ||
| 650 | |a Legal study |v Research and examination strategies | ||
| 700 | |a Juma , Katarina | ||
| 942 | |c BK | ||
| 999 | |c 12490 |d 12490 | ||